| 000 | 01372cam a22001814a 4500 | ||
|---|---|---|---|
| 005 | 20250605164349.0 | ||
| 008 | 250528s ||||||||||||||||||||||||d | ||
| 035 | _a24075 | ||
| 040 |
_aGR-AtMCL _bgre _dGR-AtMCL _eAACR2 |
||
| 245 | 1 | _aΜελέτη Ε.Β.Ε.Α.: Επενδύσεις 6,5 δις στο 5G στην Ελλάδα και 69.000 Νέες Θέσεις Εργασίας εώς το 2030 | |
| 260 |
_bΕμπορικό Και Βιομηχανικό Επιμελητήριο Αθηνών, _c2021 |
||
| 300 | _a64 | ||
| 520 | _aΟι Πσραγωγικές Τάξεις Χαιρετίζουν την Προσπάθεια του Υπουργείου Ανάπτυξης να Εκσυγχρονίσει τον Νόμο για τις Δημόσιες Συμβάσεις, Το Στοίχημα για την Επανεκκίνηση της Οικονομίας, Νέος Πτωχευτικός: Βήμα προς Βήμα η Διαδικασία Εξυγίανσης των Υπερχρεωμένων Επιχειρήσεων, e-λιανικό - Επιδότηση Ε.Σ.Π.Α. για Κατασκευή e-shop, Θετικό Ξεκίνημα για τις Ελληνικές Εξαγωγές, Τα Μεγάλα Δημόσια Έργα του 2021. | ||
| 700 | 1 |
_aΜίχαλος Κωνσταντίνος _94319 |
|
| 942 | _cCR | ||
| 999 |
_c8975 _d8975 |
||